5 państw wysuniętych najbardziej na północ według kontynentu - Statystyki

Ogólne statystyki
  • Ten quiz został rozwiązany 21 077 razy
  • Średni wynik to 24 z 29
Statystyki odpowiedzi
Kotynent Szerokość Państwo % Poprawnych
Europe 80°49' N Norwegia
99%
Asia 81°51' N Rosja
99%
Europe 81°51' N Rosja
99%
Europe 70°05' N Finlandia
98%
Europe 69°04' N Szwecja
98%
North America 83°06' N Kanada
97%
North America 71°23' N Stany Zjednoczone
97%
Africa 31°36' N Egipt
96%
Europe 67°08' N Islandia
96%
North America 32°43' N Meksyk
94%
Africa 35°55' N Maroko
93%
Asia 53°34' N Chiny
90%
Asia 52º09' N Mongolia
90%
Africa 37°05' N Algieria
89%
Asia 55°06' N Kazachstan
89%
Africa 37°21' N Tunezja
87%
South America 15°50' N Kolumbia
85%
Africa 33°10' N Libia
84%
South America 15°40' N Wenezuela
83%
North America 23°16' N Kuba
81%
South America 6°01' N Surinam
72%
South America 8°24' N Gujana
68%
North America 27°16' N Bahamy
62%
Oceania 10°05' N Mikronezja
58%
Asia 45°36' N Uzbekistan
58%
Oceania 8°10' N Palau
55%
Oceania 14°32' N Wyspy Marshalla
55%
Oceania 2°03' N Kiribati
52%
Oceania 0°30' S Nauru
52%
Nie znaleziono quizów pasujących do podanych kryteriów
Rozkład punktacji
Procent ludzi z każdym wynikiem
Percentyl według liczby udzielonych odpowiedzi
Twoja historia wyników
Nie rozwiązałeś tego quizu